Acceso a las tecnologías, rendimiento académico y cyberbullying en escolares de secundaria (Record no. 201891)
[ view plain ]
| 000 -CABECERA | |
|---|---|
| campo de control de longitud fija | 02351nab a2200325 a 4500 |
| 005 - FECHA Y HORA DE LA ÚLTIMA TRANSACCIÓN | |
| campo de control | 20210223133758.0 |
| 008 - ELEMENTOS DE LONGITUD FIJA--INFORMACIÓN GENERAL | |
| campo de control de longitud fija | 991125s1985 mx 000 0 spa u |
| 035 ## - NÚMERO DE CONTROL DEL SISTEMA | |
| Número de control de sistema | UPN01000229796 |
| 049 ## - COLECCIÓN | |
| Colección | ART-E |
| 100 1# - ASIENTO PRINCIPAL--NOMBRE PERSONAL | |
| Nombre de persona | Giménez Gualdo, Ana María |
| Enlace | - am.gimenez@um.es |
| 100 1# - ASIENTO PRINCIPAL--NOMBRE PERSONAL | |
| Nombre de persona | Maquilón Sánchez, Javier J. |
| 100 1# - ASIENTO PRINCIPAL--NOMBRE PERSONAL | |
| Nombre de persona | Arnáiz Sánchez, Pilar |
| 9 (RLIN) | 28752 |
| 222 #0 - TÍTULO CLAVE | |
| Título clave | REVISTA IBEROAMERICANA DE PSICOLOGIA Y SALUD |
| 245 00 - MENCIÓN DE TÍTULO | |
| Título | Acceso a las tecnologías, rendimiento académico y cyberbullying en escolares de secundaria |
| 260 ## - PUBLICACIÓN, DISTRIBUCIÓN, ETC. | |
| Lugar de publicación, distribución, etc. | España |
| 300 ## - DESCRIPCIÓN FÍSICA | |
| Extensión | 119-133 |
| 362 0# - FECHAS DE PUBLICACIÓN Y/O DESIGNACIÓN SECUENCIAL | |
| Fecha de publicación y/o designación secuencial | 2014, Vol. 5, n. 2 |
| 336 ## - TIPO DE CONTENIDO | |
| Término de tipo de contenido | texto$2rdacontent |
| 337 ## - TIPO DE MEDIO | |
| Nombre/término del tipo de medio | computadora$2rdamedia |
| 338 ## - TIPO DE SOPORTE | |
| Nombre/término del tipo de soporte | recurso en linea$2rdacarrier |
| 520 3# - NOTA DE RESUMEN, ETC. | |
| Sumario, etc. | Las tecnologías se han convertido en acompañantes imprescindibles en la cotidianidad de los adolescentes. Cada día acceden más a ellas y las consumen con más avidez, aunque pocos son conscientes de sus riesgos, entre los que se encuentra el cyberbullying. Este estudio analiza la accesibilidad, el consumo diario y los usos preferentes del móvil y el ordenador, además de la prevalencia del cyberbullying, aplicaciones utilizadas y su relación con el acceso a las tecnologías, el sexo, nivel educativo y rendimiento académico. La información se recabó de una muestra representativa de 1353 estudiantes de educación secundaria seleccionados aleatoriamente. Los resultados muestran un alto índice de accesibilidad al móvil y al ordenador por parte de los adolescentes, situándose el consumo entre una y cuatro horas diarias. El principal uso de ambos medios es la comunicación y el entretenimiento, confirmándose además la influencia del sexo y el nivel educativo. Al analizar la prevalencia del cyberbullying aparecen diferencias estadísticamente significativas según sexo y rendimiento académico, lo cual confirma que el uso malintencionado de las tecnologías requiere de labor preventiva y de una intervención directa por parte de las familias y los centros educativos. |
| 653 0# - TERMINO DE INDIZACION - NO CONTROLADO | |
| Término no controlado | CYBERBULLYING |
| 653 0# - TERMINO DE INDIZACION - NO CONTROLADO | |
| Término no controlado | RIESGOS DE LAS REDES SOCIALES |
| 653 0# - TERMINO DE INDIZACION - NO CONTROLADO | |
| Término no controlado | RENDIMIENTO ACADEMICO |
| 653 0# - TERMINO DE INDIZACION - NO CONTROLADO | |
| Término no controlado | ADOLESCENTES |
| 653 0# - TERMINO DE INDIZACION - NO CONTROLADO | |
| Término no controlado | ACCESO A LA TECNOLOGIA |
| 856 4# - LOCALIZACIÓN Y ACCESO ELECTRÓNICOS | |
| Identificador Uniforme del Recurso | <a href="http://suips.webs.uvigo.es/index.php?option=com_docman&Itemid=110">http://suips.webs.uvigo.es/index.php?option=com_docman&Itemid=110</a> |
| 905 ## - TIPO DE MATERIAL | |
| Tipo de material | Articulo |
No items available.
